Đi đến một nhận thức về vấn đề dân tộc và quan hệ dân tộc /

Guardat en:
Dades bibliogràfiques
Autor principal: Phạm Như Cương.
Format: Article
Idioma:Vietnamese
Matèries:
Etiquetes: Afegir etiqueta
Sense etiquetes, Sigues el primer a etiquetar aquest registre!
Thư viện lưu trữ: Thư viện Trường Đại học Đà Lạt
LEADER 00827nam a2200277 4500
001 DLU090066431
005 ##20090420
040 # # |a DLU  |b vie 
041 # # |a vie 
044 # # |a vn 
100 # # |a Phạm Như Cương. 
245 # # |a Đi đến một nhận thức về vấn đề dân tộc và quan hệ dân tộc /  |c Phạm Như Cương. 
653 # # |a Chính sách dân tộc 
653 # # |a Dân tộc học 
653 # # |a Lí luận khoa học 
653 # # |a Quan hệ dân tộc 
773 # # |t Dân tộc học  |g Số 1(61), 1989, tr. 3-8 
920 # # |a Phòng Tạp chí -- Trung tâm Thông tin - Thư viện Trường Đại học Đà Lạt 
994 # # |a DLU 
900 # # |a True 
911 # # |a Đào Thị Thu Huyền 
925 # # |a G 
926 # # |a A 
927 # # |a BB 
980 # # |a Thư viện Trường Đại học Đà Lạt